Hỏi và đáp môn chủ nghĩa xã hội khoa học
Guardat en:
| Autor principal: | |
|---|---|
| Format: | Llibre |
| Idioma: | Undetermined |
| Publicat: |
Hà Nội
Đại học quốc gia Hà Nội
2005
|
| Matèries: | |
| Etiquetes: |
Afegir etiqueta
Sense etiquetes, Sigues el primer a etiquetar aquest registre!
|
| Thư viện lưu trữ: | Trung tâm Học liệu Trường Đại học Cần Thơ |
|---|
| LEADER | 00611nam a2200193Ia 4500 | ||
|---|---|---|---|
| 001 | CTU_74294 | ||
| 008 | 210402s9999 xx 000 0 und d | ||
| 020 | |b 12500 | ||
| 082 | |a 335.423 | ||
| 082 | |b Th102 | ||
| 100 | |a Đỗ, Thị Thạch | ||
| 245 | 0 | |a Hỏi và đáp môn chủ nghĩa xã hội khoa học | |
| 245 | 0 | |c Đỗ Thị Thạch (chủ biên) | |
| 260 | |a Hà Nội | ||
| 260 | |b Đại học quốc gia Hà Nội | ||
| 260 | |c 2005 | ||
| 650 | |a Socialism | ||
| 904 | |i Tuyến, QHieu đã sửa trong CSDL | ||
| 980 | |a Trung tâm Học liệu Trường Đại học Cần Thơ | ||